[Event "14. Bayer Open"]
[Site "Leverkusen"]
[Date "2016.02.22"]
[Round "4.37"]
[White "Scharff, Klaus"]
[Black "Becker, Johann"]
[Result "1-0"]
[WhiteElo "1863"]
[BlackElo "1506"]
[PlyCount "155"]
[EventDate "2016.??.??"]
[WhiteTeam "SV Opladen"]
[BlackTeam "TV Witzhelden"]

1. d4 Nf6 2. c4 e6 3. Nc3 Bb4 4. Qc2 c5 5. e3 O-O 6. Nf3 d5 7. a3 cxd4 8. exd4
Be7 9. c5 b6 10. cxb6 Qxb6 11. Bd3 Ba6 12. O-O Bxd3 13. Qxd3 Nbd7 14. b4 Rfc8
15. Na4 Qc6 16. Nc5 Nxc5 17. bxc5 Rab8 18. Bf4 Rb7 19. Rab1 Nh5 20. Rxb7 Qxb7
21. Rb1 Qa8 22. Bg5 Bxg5 23. Nxg5 Nf6 24. Qb5 h6 25. Nf3 Qc6 26. a4 Nd7 27.
Qxc6 Rxc6 28. Rb7 Nxc5 29. dxc5 Rxc5 30. g3 Ra5 31. Ne5 f6 32. Nc6 Rxa4 33.
Rxa7 Rxa7 34. Nxa7 d4 35. Kg2 Kf7 36. Kf3 e5 37. h4 Ke6 38. Nb5 f5 39. Nc7+ Kd7
40. Nd5 Kd6 41. Nb4 h5 42. Ke2 e4 43. Kd2 Kc5 44. Na6+ Kb6 45. Nb4 Kc5 46. Nc2
Kd5 47. Ne1 Ke5 48. Ng2 g6 49. Ke2 d3+ 50. Ke3 Kf6 51. Nf4 Kg7 52. Nd5 Kf7 53.
Kf4 Ke6 54. Ne3 Kf6 55. f3 exf3 56. Kxf3 g5 57. Nd5+ Ke6 58. Nb4 gxh4 59. gxh4
d2 60. Ke2 d1=Q+ 61. Kxd1 Ke5 62. Nd3+ Ke4 63. Ke2 f4 64. Nf2+ Kf5 65. Kf3 Ke5
66. Nh3 Kf5 67. Nxf4 Kf6 68. Nxh5+ Kg6 69. Kg4 Kh6 70. Nf4 Kh7 71. Kh5 Kg7 72.
Ne6+ Kh7 73. Kg5 Kh8 74. Kg6 Kg8 75. h5 Kh8 76. h6 Kg8 77. Ng5 Kh8 78. Nf7+ 1-0

[Event "14. Bayer Open"]
[Site "Leverkusen"]
[Date "2016.02.22"]
[Round "4.38"]
[White "Birnkott, Manfred"]
[Black "Kinnert, Reinhard"]
[Result "1-0"]
[WhiteElo "1904"]
[BlackElo "1495"]
[PlyCount "105"]
[EventDate "2016.??.??"]
[WhiteTeam "SC Bayer Leverkusen"]
[BlackTeam "TV Witzhelden"]

1. e4 c5 2. Nf3 Nc6 3. d4 cxd4 4. Nxd4 Nf6 5. Nc3 a6 6. Nxc6 bxc6 7. e5 Ng8 8.
Bc4 e6 9. O-O Bc5 10. Ne4 Be7 11. Qg4 Kf8 12. Rd1 h5 13. Qf3 Ke8 14. h4 Qa5 15.
Nd6+ Bxd6 16. exd6 Nf6 17. Qg3 Rg8 18. Bd3 Rb8 19. Bd2 Qa4 20. Qe5 Ng4 21. Qg5
Nf6 22. Bc3 Qg4 23. Bxf6 gxf6 24. Qxg4 Rxg4 25. b3 Rxh4 26. Be2 Rbb4 27. c3
Rbe4 28. Bf3 Ref4 29. Rd3 e5 30. g3 e4 31. Re1 Kf8 32. Rde3 Rxf3 33. Rxf3 exf3
34. gxh4 Bb7 35. Re7 Bc8 36. Re3 c5 37. Rxf3 c4 38. Rxf6 cxb3 39. axb3 Kg7 40.
Rf5 Kg6 41. Rc5 Bb7 42. Rc7 Bc6 43. Ra7 a5 44. Rxa5 f5 45. b4 Kf6 46. b5 Be4
47. b6 Ke6 48. Rb5 Bb7 49. c4 Kf6 50. f4 Ke6 51. Re5+ Kxd6 52. Rxf5 Bf3 53. Kf2
1-0

[Event "14. Bayer Open"]
[Site "Leverkusen"]
[Date "2016.02.22"]
[Round "4.39"]
[White "Jacobi, Bernd"]
[Black "Hertling, Jürgen"]
[Result "0-1"]
[WhiteElo "1465"]
[BlackElo "1645"]
[PlyCount "80"]
[EventDate "2016.??.??"]
[WhiteTeam "Langenfelder SF"]
[BlackTeam "SF Köln-Mülheim"]

1. d4 d5 2. c3 Nf6 3. Nf3 e6 4. Bg5 c5 5. e3 Nbd7 6. Nbd2 c4 7. e4 Be7 8. Qc2
O-O 9. Be2 Ne8 10. Bxe7 Qxe7 11. e5 f6 12. exf6 Qxf6 13. O-O e5 14. dxe5 Nxe5
15. Nxe5 Qxe5 16. Rfe1 Bf5 17. Nxc4 dxc4 18. Bxc4+ Kh8 19. Rxe5 Bxc2 20. Bd5
Nd6 21. Rae1 Bd3 22. Re7 Rab8 23. R1e6 Rfd8 24. Re5 h6 25. g4 Nc4 26. Bxc4 Bxc4
27. b3 Bd5 28. h4 Bf3 29. g5 h5 30. Kh2 Kh7 31. Kg3 Rd3 32. Rc7 Bc6+ 33. Re3
Rxe3+ 34. fxe3 Rf8 35. Re7 Rf3+ 36. Kh2 Kg6 37. a4 Rf2+ 38. Kg3 Rg2+ 39. Kf4
Rg4+ 40. Ke5 Re4+ 0-1

[Event "14. Bayer Open"]
[Site "Leverkusen"]
[Date "2016.02.22"]
[Round "4.41"]
[White "Henseler, Klaus"]
[Black "Multhauf, Stefan"]
[Result "1-0"]
[WhiteElo "1825"]
[BlackElo "1610"]
[PlyCount "65"]
[EventDate "2016.??.??"]
[WhiteTeam "SC Bayer Leverkusen"]
[BlackTeam "Königsspringer Leverkusen"]

1. c4 f5 2. g3 Nf6 3. Bg2 g6 4. Nc3 Bg7 5. d3 d6 6. e3 O-O 7. Nge2 e5 8. O-O c6
9. f4 Be6 10. Qc2 Nbd7 11. b3 Rc8 12. Qd2 Qc7 13. Ba3 Rfd8 14. Rac1 a6 15. h3
c5 16. e4 exf4 17. Nxf4 Bh6 18. Qc2 Bxf4 19. gxf4 Nh5 20. Rf3 fxe4 21. dxe4 Rf8
22. Rcf1 Ng7 23. Bb2 Nf6 24. Qf2 Nfh5 25. Ne2 Qd7 26. Kh2 Rf7 27. Ng3 Nxg3 28.
Qxg3 Nh5 29. Qf2 Rcf8 30. Qd2 Qc7 31. Qc3 Nf6 32. Kg1 Bd7 33. Rg3 1-0

[Event "14. Bayer Open"]
[Site "Leverkusen"]
[Date "2016.02.22"]
[Round "4.42"]
[White "Elsweiler, Karl-Heinz"]
[Black "Yon, Gregory"]
[Result "0-1"]
[WhiteElo "1571"]
[BlackElo "1426"]
[PlyCount "91"]
[EventDate "2016.??.??"]
[WhiteTeam "SV Opladen"]
[BlackTeam "Bergische SF"]

1. b4 e5 2. Bb2 Bxb4 3. Bxe5 Nf6 4. Nf3 O-O 5. e3 d5 6. Be2 c5 7. O-O Nc6 8.
Bb2 Re8 9. c3 Ba5 10. d3 Bg4 11. Nbd2 Bc7 12. h3 Bh5 13. Nh2 Bxe2 14. Qxe2 d4
15. e4 dxc3 16. Bxc3 Nd4 17. Qd1 Qd6 18. f4 Qd7 19. Nb3 b6 20. Nxd4 cxd4 21.
Bd2 b5 22. g4 Bb6 23. Kg2 Qb7 24. Qf3 Rac8 25. Rac1 Rxc1 26. Rxc1 Rc8 27. Rxc8+
Qxc8 28. e5 Ne8 29. Qd5 Qc2 30. Nf3 Kf8 31. Kg3 Qc5 32. Qb3 a5 33. e6 f6 34. g5
Nd6 35. h4 Ke7 36. a4 b4 37. h5 Bc7 38. Nh4 fxg5 39. Nf3 gxf4+ 40. Bxf4 Qxh5
41. Nxd4 Qg6+ 42. Kh4 Qg2 43. Bxd6+ Kf6 44. Nf3 g5+ 45. Nxg5 Qxg5+ 46. Kh3 0-1

[Event "14. Bayer Open"]
[Site "Leverkusen"]
[Date "2016.02.22"]
[Round "4.43"]
[White "Ipekyilmaz, Tayfun"]
[Black "Weirich, Ralf"]
[Result "1-0"]
[WhiteElo "1600"]
[BlackElo "1229"]
[PlyCount "53"]
[EventDate "2016.??.??"]
[WhiteTeam "Langenfelder SF"]
[BlackTeam "TV Witzhelden"]

1. e4 e5 2. f4 exf4 3. Nf3 d5 4. exd5 Qxd5 5. Nc3 Qe6+ 6. Be2 Bd6 7. O-O Ne7 8.
d4 Qh6 9. Qe1 O-O 10. Ne5 g5 11. Ne4 f6 12. Bc4+ Kg7 13. Nxd6 fxe5 14. Nxc8
Nxc8 15. Qxe5+ Qf6 16. Qxc7+ Qe7 17. Qxe7+ Nxe7 18. Bd2 Nf5 19. c3 Ne3 20. Bxe3
fxe3 21. Rxf8 Kxf8 22. Re1 Nd7 23. Rxe3 Nf6 24. Re6 Kg7 25. Re7+ Kh6 26. Bd3 b6
27. Rf7 1-0

[Event "14. Bayer Open"]
[Site "Leverkusen"]
[Date "2016.02.22"]
[Round "4.44"]
[White "Diaubalick, Ulrich"]
[Black "Kopernok, Ingo"]
[Result "0-1"]
[WhiteElo "1537"]
[BlackElo "1341"]
[PlyCount "71"]
[EventDate "2016.??.??"]
[WhiteTeam "SF Düsseldorf-Süd"]
[BlackTeam "SG Solingen"]

1. e4 d6 2. Nf3 Nf6 3. Nc3 g6 4. Bc4 e6 5. d4 d5 6. Be2 dxe4 7. Ng5 Nc6 8.
Ngxe4 Nxe4 9. Nxe4 Qxd4 10. Bd3 Qe5 11. O-O Bd7 12. Be3 Be7 13. a3 f5 14. Nc3
h5 15. Nb5 h4 16. h3 a6 17. Nc3 g5 18. Re1 Bd6 19. Ne2 Qh2+ 20. Kf1 g4 21. hxg4
h3 22. Ng1 Qxg2+ 23. Ke2 h2 24. Nf3 fxg4 25. Bg6+ Kf8 26. Ng5 Ne5 27. Be4 Bb5+
28. Kd2 Nf3+ 29. Nxf3 gxf3 30. Bxf3 Qg6 31. Bxb7 Rd8 32. Qf3+ Ke7 33. Kc1 Rdf8
34. Qh1 Rh4 35. c3 Ba4 36. Bg5+ 0-1

[Event "14. Bayer Open"]
[Site "Leverkusen"]
[Date "2016.02.22"]
[Round "4.45"]
[White "Elshani, Shaip"]
[Black "Esser, Heinz"]
[Result "1-0"]
[WhiteElo "1582"]
[BlackElo "1360"]
[PlyCount "74"]
[EventDate "2016.??.??"]
[WhiteTeam "SC Bayer Leverkusen"]
[BlackTeam "SV Dormagen"]

1. e4 c5 2. Nf3 d6 3. Bc4 Nf6 4. Ng5 e6 5. O-O g6 6. d3 Bg7 7. c3 Nbd7 8. Bf4
Nb6 9. Bb3 Nh5 10. Be3 a6 11. a4 Nd7 12. g4 Nhf6 13. Bxe6 fxe6 14. Nxe6 Qe7 15.
Nc7+ Kf8 16. Nxa8 Ne5 17. f3 h6 18. Nb6 Be6 19. d4 Nc4 20. Nxc4 Bxc4 21. Rf2 h5
22. g5 Nh7 23. h4 Ke8 24. d5 a5 25. Na3 Ba6 26. Nb5 b6 27. Bf4 Bxb5 28. axb5
Rf8 29. Qd2 Rf7 30. Re1 Be5 31. Bxe5 dxe5 32. f4 Qd7 33. f5 Nf8 34. Ref1 c4 35.
d6 Qxb5 36. fxg6 Rxf2 37. Qxf2 Nxg6 1-0

[Event "14. Bayer Open"]
[Site "Leverkusen"]
[Date "2016.02.22"]
[Round "4.47"]
[White "Janssen, Wolfgang"]
[Black "Dörper, Georg"]
[Result "1-0"]
[WhiteElo "1588"]
[BlackElo "1340"]
[PlyCount "47"]
[EventDate "2016.??.??"]
[WhiteTeam "SV Dormagen"]
[BlackTeam "SF Düsseldorf-Süd"]

1. e4 c5 2. Nf3 d6 3. d3 e6 4. g3 Nc6 5. Bg2 Nf6 6. O-O Be7 7. Re1 e5 8. Nh4
Ng4 9. Nf5 Bxf5 10. exf5 Nf6 11. c4 Qd7 12. Be4 Nd4 13. Nc3 O-O 14. g4 Rab8 15.
Kh1 a6 16. g5 Nxe4 17. dxe4 f6 18. g6 hxg6 19. fxg6 Qh3 20. Re3 Qh4 21. Qf1 f5
22. Rh3 Qf6 23. Nd5 Qe6 24. Rh8+ 1-0

[Event "14. Bayer Open"]
[Site "Leverkusen"]
[Date "2016.02.22"]
[Round "4.50"]
[White "Haag, Helmut"]
[Black "Asadzade, Idris"]
[Result "1/2-1/2"]
[WhiteElo "1394"]
[BlackElo "1654"]
[PlyCount "165"]
[EventDate "2016.??.??"]
[WhiteTeam "Langenfelder SF"]
[BlackTeam "Königsspringer Leverkusen"]

1. d4 Nf6 2. c4 e6 3. Nf3 d5 4. e3 Be7 5. Nc3 O-O 6. Bd3 b6 7. O-O Bb7 8. Re1
c5 9. cxd5 exd5 10. b3 Nc6 11. Ba3 Rc8 12. Rc1 cxd4 13. Bxe7 Qxe7 14. exd4 Qd7
15. a3 Rfe8 16. b4 Rxe1+ 17. Qxe1 Re8 18. Qd2 Ne4 19. Qf4 Nxc3 20. Rxc3 Qe6 21.
Rc1 Qf6 22. Qxf6 gxf6 23. Kf1 Kg7 24. Re1 Rc8 25. Re2 Rc7 26. Rc2 Re7 27. Re2
Rxe2 28. Kxe2 Ne7 29. Nh4 Bc8 30. f3 f5 31. f4 f6 32. Kf2 Kf7 33. Ke3 Ke6 34.
Nf3 Kd6 35. g3 Kc6 36. Kd2 a6 37. Kc3 b5 38. Kb3 Kb6 39. Kc3 Bd7 40. Nd2 Nc8
41. Nb3 Nd6 42. Nd2 Ne4+ 43. Bxe4 fxe4 44. Nf1 Kc6 45. Ne3 f5 46. Kd2 Kd6 47.
Ke2 Ke6 48. h3 Be8 49. g4 fxg4 50. hxg4 Bf7 51. Kf2 Kf6 52. Kg3 Kg6 53. Kh4 Kf6
54. g5+ Ke6 55. f5+ Ke7 56. Kg3 Bh5 57. Kf4 Kd6 58. f6 Bg6 59. Ng4 Ke6 60. Ne5
Be8 61. Ng4 Bh5 62. Ne5 h6 63. gxh6 Kxf6 64. Nd7+ Kg6 65. Nb8 Kxh6 66. Nxa6 Be8
67. Nc5 Kg6 68. Nb3 Kf6 69. Na1 Bh5 70. Nc2 Be2 71. Ne3 Bc4 72. Ng4+ Ke6 73.
Ne3 Kd6 74. Nf5+ Ke6 75. Ne3 Be2 76. Kg5 Bf3 77. Kf4 Be2 78. Kg5 Bc4 79. Kf4
Kf6 80. Ng4+ Ke6 81. Ne3 Be2 82. Nf5 Bc4 83. Ne3 1/2-1/2

[Event "14. Bayer Open"]
[Site "Leverkusen"]
[Date "2016.02.22"]
[Round "4.51"]
[White "Teuber, Alfons"]
[Black "Stuch, Hans-Ferdinand"]
[Result "0-1"]
[WhiteElo "1037"]
[BlackElo "1659"]
[PlyCount "52"]
[EventDate "2016.??.??"]
[WhiteTeam "BSW Opladen"]
[BlackTeam "SC Bonn Beuel"]

1. d4 Nf6 2. d5 c6 3. dxc6 Nxc6 4. c3 e5 5. Bg5 Be7 6. Nd2 d5 7. Bxf6 Bxf6 8.
e3 O-O 9. Be2 d4 10. exd4 exd4 11. Ne4 Bf5 12. Nxf6+ Qxf6 13. Rc1 d3 14. Bxd3
Rad8 15. Qf3 Rxd3 16. Qxd3 Bxd3 17. Ne2 Qe6 18. O-O Bxe2 19. Rfe1 Qe4 20. h3
Rd8 21. c4 Nb4 22. Rc3 Nd3 23. Rxd3 Rxd3 24. Kh2 Qf4+ 25. Kg1 Rd1 26. Rxd1 Bxd1
0-1

[Event "14. Bayer Open"]
[Site "Leverkusen"]
[Date "2016.02.22"]
[Round "4.52"]
[White "Hoeper, Heinz-Joachim"]
[Black "Balduan, Karl-Heinz"]
[Result "0-1"]
[WhiteElo "1485"]
[BlackElo "1496"]
[PlyCount "124"]
[EventDate "2016.??.??"]
[WhiteTeam "Pulheimer SC"]
[BlackTeam "Königsspringer Leverkusen"]

1. d4 d5 2. Nf3 e6 3. e3 Bd6 4. Nbd2 Nf6 5. Bd3 Nc6 6. O-O O-O 7. c4 dxc4 8.
Nxc4 Be7 9. e4 Nxd4 10. e5 Nxf3+ 11. Qxf3 Nd5 12. Rd1 g6 13. Bh6 Re8 14. Be4 c6
15. Nd6 Bxd6 16. exd6 Qxd6 17. Bg5 Qe5 18. h4 f6 19. Bxd5 fxg5 20. Bxc6 Rf8 21.
Qe4 Qc5 22. Bxb7 Bxb7 23. Qxe6+ Rf7 24. Rd2 Qc6 25. Qxc6 Bxc6 26. hxg5 Rf5 27.
Rc1 Be8 28. Re2 Rxg5 29. Re7 Rf5 30. Rcc7 Rf7 31. g4 Rxe7 32. Rxe7 Bf7 33. g5
Bxa2 34. Kh2 a5 35. Kg3 a4 36. Kf4 Rf8+ 37. Ke3 Rb8 38. Ra7 Bb3 39. f4 Rc8 40.
Kd4 Rd8+ 41. Ke5 Re8+ 42. Kd4 Bc2 43. Kc5 Bd1 44. Kd4 Rd8+ 45. Ke5 Re8+ 46. Kd5
Rb8 47. Ke5 Rxb2 48. Ra8+ Kf7 49. Ra7+ Ke8 50. Kf6 Rd2 51. Re7+ Kd8 52. Ra7 Rd3
53. Rxh7 Rd7 54. Rh1 Kc7 55. Kxg6 Rd8 56. Rh7+ Kb6 57. f5 a3 58. Rh2 Bb3 59. f6
a2 60. Rxa2 Bxa2 61. Kg7 Rg8+ 62. Kh6 Bf7 0-1

[Event "14. Bayer Open"]
[Site "Leverkusen"]
[Date "2016.02.22"]
[Round "4.53"]
[White "van Kempen, Susanne"]
[Black "Paul, André David"]
[Result "1-0"]
[WhiteElo "1463"]
[BlackElo "1492"]
[PlyCount "159"]
[EventDate "2016.??.??"]
[WhiteTeam "SV Opladen"]
[BlackTeam "Kölner SK Dr. Lasker"]

1. e4 e6 2. d4 d5 3. exd5 exd5 4. Bd3 Nf6 5. Bf4 Bd6 6. Ne2 Bg4 7. f3 Be6 8.
Bxd6 Qxd6 9. c3 Nbd7 10. Qa4 c6 11. Qa3 Qc7 12. Nd2 Nh5 13. Nb3 b6 14. Nd2 Nf4
15. Nxf4 Qxf4 16. Qa4 Qe3+ 17. Be2 Nb8 18. Qc2 g6 19. Nf1 Qg5 20. Bd3 O-O 21.
Qd2 Qh4+ 22. Qf2 Qxf2+ 23. Kxf2 c5 24. dxc5 bxc5 25. c4 f5 26. cxd5 Bxd5 27.
Ne3 Be6 28. f4 Nc6 29. a3 Na5 30. Rac1 Rfc8 31. Nc4 Nb3 32. Rc3 Rab8 33. Re1
Nd4 34. Re5 Kg7 35. Ke3 Bxc4 36. Rxc4 Rxb2 37. Rexc5 Rxc5 38. Rxc5 Ne6 39. Rc6
Rb6 40. Rxb6 axb6 41. Bc4 Nc7 42. Kd4 Kf6 43. a4 h6 44. h4 Ne6+ 45. Ke3 Nc5 46.
Bb5 Ne6 47. g3 Ke7 48. Bd3 Nc5 49. Bc2 Kf6 50. Kd4 g5 51. Kd5 gxf4 52. gxf4 Ne6
53. Bd1 Nxf4+ 54. Kc6 Nd3 55. Kxb6 Nb4 56. Kb5 Nd5 57. a5 f4 58. Bf3 Ne7 59. a6
Nc8 60. Kc6 Ke7 61. Kb7 Kd8 62. Bg4 Nd6+ 63. Kc6 Ne8 64. Bf3 Nc7 65. Kb7 Kd7
66. a7 Kd6 67. Kb6 Kd7 68. Kc5 Ke6 69. Kc4 Kd6 70. Kd3 Kc5 71. Ke4 Kb6 72. Kxf4
Kxa7 73. Kf5 Kb6 74. Kg6 Kc5 75. Kxh6 Ne6 76. Bg4 Nf4 77. Kg5 Nd5 (77... Kd6 $3
$11) 78. h5 Ne7 79. Kf6 Kd6 80. Kf7 1-0

[Event "14. Bayer Open"]
[Site "Leverkusen"]
[Date "2016.02.22"]
[Round "4.54"]
[White "Seelig, Jochen"]
[Black "Klees, Robert"]
[Result "0-1"]
[WhiteElo "1312"]
[BlackElo "1349"]
[PlyCount "46"]
[EventDate "2016.??.??"]
[WhiteTeam "SF Schlebusch"]
[BlackTeam "SF Düsseldorf-Süd"]

1. Nf3 d5 2. b3 Bg4 3. Ne5 Bf5 4. g4 Be6 5. e3 f6 6. Nd3 Nd7 7. Bg2 c6 8. f4
Qc8 9. f5 Bf7 10. Nf4 g5 11. Ne2 Ne5 12. Ng3 e6 13. d4 Nd7 14. h4 Bd6 15. Qf3
Qc7 16. Ne2 exf5 17. gxf5 O-O-O 18. Nd2 c5 19. c3 Re8 20. Nf1 h5 21. hxg5 fxg5
22. Qf2 Ngf6 23. Nh2 Bxh2 0-1

[Event "14. Bayer Open"]
[Site "Leverkusen"]
[Date "2016.02.22"]
[Round "4.55"]
[White "Kayser, Manfred"]
[Black "Scheunemann, Uwe"]
[Result "1-0"]
[WhiteElo "1501"]
[BlackElo "1446"]
[PlyCount "53"]
[EventDate "2016.??.??"]
[WhiteTeam "Königsspringer Leverkusen"]
[BlackTeam "TV Witzhelden"]

1. d4 d5 2. c4 e6 3. Nc3 Nf6 4. e3 Be7 5. Nf3 O-O 6. Bd3 Re8 7. O-O a6 8. Ne5
Nbd7 9. f4 Nxe5 10. fxe5 Nd7 11. Bxh7+ Kxh7 12. Qh5+ Kg8 13. Qxf7+ Kh8 14. Qh5+
Kg8 15. Rf3 Nf6 16. exf6 Bxf6 17. cxd5 e5 18. Bd2 exd4 19. exd4 Bxd4+ 20. Kh1
Bf6 21. Raf1 Rf8 22. Bg5 Bd7 23. Ne4 Be8 24. Qh4 Bb5 25. Rc1 Bxg5 26. Nxg5 Rxf3
27. Qh7+ 1-0

[Event "14. Bayer Open"]
[Site "Leverkusen"]
[Date "2016.02.22"]
[Round "4.56"]
[White "Milz, Ulrich"]
[Black "Ipekyilmaz, Mert"]
[Result "1-0"]
[WhiteElo "1474"]
[BlackElo "1427"]
[PlyCount "107"]
[EventDate "2016.??.??"]
[WhiteTeam "SC Bayer Leverkusen"]
[BlackTeam "Langenfelder SF"]

1. e4 e6 2. Nc3 d5 3. exd5 exd5 4. h3 Nf6 5. Nf3 Bc5 6. d4 Bb4 7. Bd2 O-O 8.
Bd3 Re8+ 9. Ne2 Bxd2+ 10. Qxd2 Ne4 11. Qf4 g5 12. Qh2 Bf5 13. O-O Re6 14. g4
Nd2 15. Nxd2 Bxd3 16. cxd3 Rxe2 17. Nf3 Rxb2 18. Qe5 Nc6 19. Qe3 f6 20. h4 h6
21. hxg5 hxg5 22. Qe6+ Kg7 23. Kg2 Qg8 24. Qd7+ Qf7 25. Qf5 Ne7 26. Qd7 Ng6 27.
Qf5 Re8 28. a3 Rd2 $4 29. Rae1 $4 Nf4+ 30. Kg3 Rxd3 31. Rxe8 Qxe8 32. Rh1 Ng6
$4 33. Qxd3 Qe6 34. Qe3 Qd6+ 35. Kg2 Nf4+ 36. Kf1 Qa6+ 37. Kg1 Qd6 38. Qe8 Ng6
39. Rh3 Qxa3 40. Qb8 Nh4 41. Qxc7+ Kg8 42. Qd8+ Kg7 43. Qxd5 Qc1+ 44. Kh2 Qf1
45. Qxb7+ Kg8 46. Nxh4 gxh4 47. Qc8+ Kg7 48. Qd7+ Kg8 49. Qf5 Qc1 50. Qg6+ Kf8
51. Qxf6+ Kg8 52. Rxh4 Qc7+ 53. Kh3 Qc3+ 54. f3 1-0

[Event "14. Bayer Open"]
[Site "Leverkusen"]
[Date "2016.02.22"]
[Round "4.60"]
[White "Barche, Uwe"]
[Black "Lehmann, Thomas"]
[Result "1-0"]
[WhiteElo "1274"]
[BlackElo "1331"]
[PlyCount "51"]
[EventDate "2016.??.??"]
[WhiteTeam "SG Solingen"]
[BlackTeam "SV Sindorf"]

1. c4 c6 2. g3 d5 3. Nf3 Nf6 4. Bg2 Na6 5. O-O e6 6. d3 Be7 7. a3 dxc4 8. dxc4
Qxd1 9. Rxd1 O-O 10. b4 Nd7 11. Bg5 Bf6 12. Bxf6 Nxf6 13. Nc3 Nc7 14. a4 a5 15.
b5 cxb5 16. axb5 b6 17. Nd4 Rb8 18. Nc6 Bb7 19. Nxb8 Bxg2 20. Nd7 Nxd7 21. Rxd7
Bh3 22. Rxc7 e5 23. Rb7 Rc8 24. Rxb6 Rxc4 25. Rd6 Rxc3 26. Rd8# 1-0

[Event "14. Bayer Open"]
[Site "Leverkusen"]
[Date "2016.02.29"]
[Round "5.2"]
[White "Marcziter, Dmitrii"]
[Black "Lemanczyk, Thomas"]
[Result "1-0"]
[WhiteElo "2226"]
[BlackElo "2159"]
[PlyCount "51"]
[EventDate "2016.??.??"]
[WhiteTeam "DJK Aufwärts Aachen"]
[BlackTeam "SG Solingen"]

1. d4 Nf6 2. c4 e6 3. Nf3 Bb4+ 4. Nbd2 d6 5. e3 Nbd7 6. Bd3 e5 7. O-O Bxd2 8.
Nxd2 Qe7 9. b3 O-O 10. Bb2 Re8 11. Qc2 Nf8 12. dxe5 dxe5 13. Ne4 Nxe4 14. Bxe4
c6 15. Rae1 Qe6 16. f4 f5 17. Bd3 e4 18. Be2 Qe7 19. Kh1 Nd7 20. g4 fxg4 21.
Bxg4 Nf6 22. Bxc8 Raxc8 23. Rg1 Rcd8 24. Rg5 Kf7 25. Reg1 Rg8 26. Qg2 1-0

[Event "14. Bayer Open"]
[Site "Leverkusen"]
[Date "2016.02.29"]
[Round "5.3"]
[White "Kniest, Oliver"]
[Black "Balduan, Markus"]
[Result "1-0"]
[WhiteElo "2252"]
[BlackElo "2228"]
[PlyCount "101"]
[EventDate "2016.??.??"]
[WhiteTeam "SG Solingen"]
[BlackTeam "TV Witzhelden"]

1. d4 d5 2. c4 c6 3. Nf3 Nf6 4. e3 Bg4 5. h3 Bxf3 6. Qxf3 g6 7. Nc3 Bg7 8. Bd3
O-O 9. O-O dxc4 10. Bxc4 Nbd7 11. Rd1 Qc7 12. Bb3 Rad8 13. e4 e5 14. Be3 exd4
15. Bxd4 Nh5 16. Be3 Ne5 17. Qe2 Nd7 18. Rac1 Qb8 19. Rc2 Nb6 20. Rcd2 Rxd2 21.
Rxd2 Qc7 22. Qd1 Bf6 23. Qf3 Qe7 24. a4 Qb4 25. Ba2 Nc4 26. Bxc4 Qxc4 27. g4
Bxc3 28. bxc3 Ng7 29. Bxa7 Qxa4 30. Bc5 Re8 31. Rd7 Qb3 32. Bd4 Qe6 33. Rxb7
Re7 34. Rb8+ Re8 35. Qf4 Rxb8 36. Qxb8+ Qe8 37. Qxe8+ Nxe8 38. Kf1 f6 39. Ke2
Kf7 40. Kd3 Ke6 41. f4 Nd6 42. Bxf6 Kxf6 43. e5+ Ke6 44. exd6 Kxd6 45. Kd4 c5+
46. Kc4 Kc6 47. f5 gxf5 48. gxf5 Kd6 49. f6 Ke6 50. Kxc5 Kxf6 51. Kd6 1-0

[Event "14. Bayer Open"]
[Site "Leverkusen"]
[Date "2016.02.29"]
[Round "5.4"]
[White "Mohaupt, Sascha"]
[Black "Heller, Achim"]
[Result "1/2-1/2"]
[WhiteElo "2184"]
[BlackElo "1907"]
[PlyCount "107"]
[EventDate "2016.??.??"]
[WhiteTeam "SV Wermelskirchen"]
[BlackTeam "SG Ennepe-Ruhr-Süd"]

1. e4 c6 2. Nc3 d5 3. Nf3 Bg4 4. h3 Bxf3 5. Qxf3 e6 6. Be2 Nf6 7. O-O dxe4 8.
Nxe4 Nxe4 9. Qxe4 Qd5 10. Bf3 Qxe4 11. Bxe4 Nd7 12. d4 Nf6 13. Bf3 Bd6 14. Re1
O-O 15. g3 Rfd8 16. c3 Nd5 17. Bd2 a5 18. Red1 Nb6 19. b3 Nd5 20. c4 Nf6 21.
Be3 Bc7 22. Rd2 Rd7 23. Kf1 Kf8 24. Ke2 h6 25. Rb1 Bd6 26. Bg2 Bb4 27. Rd3 Rad8
28. Rbd1 Be7 29. Bf3 Ke8 30. Bc1 Bf8 31. Bg2 Be7 32. Bd2 Ra8 33. Bc3 Bb4 34.
Kd2 Rad8 35. Kc2 Bxc3 36. Kxc3 Rc8 37. a4 Kd8 38. Re1 Kc7 39. b4 axb4+ 40. Kxb4
Rcd8 41. Kc3 Ra8 42. Ra1 Ra5 43. Rdd1 Rd8 44. f4 Rda8 45. Kb4 R8a7 46. c5 R5a6
47. a5 Ra8 48. Re1 Rd8 49. Kc4 g6 50. Bf3 Rda8 51. Kb4 Rd8 52. Kc4 Rda8 53. Kb4
Rd8 54. Kc4 1/2-1/2

[Event "14. Bayer Open"]
[Site "Leverkusen"]
[Date "2016.02.29"]
[Round "5.6"]
[White "Grah, Ulrich"]
[Black "Stillger, Bernhard"]
[Result "0-1"]
[WhiteElo "1826"]
[BlackElo "2231"]
[PlyCount "62"]
[EventDate "2016.??.??"]
[WhiteTeam "SG Solingen"]
[BlackTeam "SV Dinslaken"]

1. e4 c5 2. Nf3 d6 3. d4 cxd4 4. Nxd4 Nf6 5. Nc3 a6 6. f3 e5 7. Nb3 Be6 8. Be3
Be7 9. Qd2 O-O 10. O-O-O Nbd7 11. g4 b5 12. Kb1 Nb6 13. g5 Nh5 14. Nd5 Bxd5 15.
exd5 Qc7 16. Qf2 Nc4 17. Bxc4 bxc4 18. Bb6 Qd7 19. Na5 c3 20. Nc6 Bxg5 21. Rhg1
f6 22. Rg4 Nf4 23. h4 Bh6 24. Be3 f5 25. Rg3 cxb2 26. Bxf4 Bxf4 27. Rg2 Rf7 28.
Rd3 Bc1 29. Rb3 f4 30. Rg4 Re8 31. Rg1 Be3 0-1

[Event "14. Bayer Open"]
[Site "Leverkusen"]
[Date "2016.02.29"]
[Round "5.7"]
[White "Peschel, Andreas"]
[Black "Kesseler, Heiko"]
[Result "0-1"]
[WhiteElo "2113"]
[BlackElo "1993"]
[PlyCount "68"]
[EventDate "2016.??.??"]
[WhiteTeam "SG Solingen"]
[BlackTeam "Elberfelder SG"]

1. Nf3 c5 2. g3 Nc6 3. Bg2 g6 4. O-O Bg7 5. d3 d6 6. e4 Nf6 7. Re1 Qc7 8. Nbd2
O-O 9. Nf1 Bd7 10. c3 Rac8 11. Bf4 e5 12. Bg5 h6 13. Bd2 b5 14. b3 a5 15. a4
bxa4 16. bxa4 Rb8 17. Qc2 Rb7 18. Reb1 Rfb8 19. Ne3 Be6 20. Nc4 Nxe4 21. Rxb7
Rxb7 22. Nxa5 Nxd2 23. Nxc6 Nxf3+ 24. Bxf3 d5 25. Ra3 Qxc6 26. c4 e4 27. cxd5
Bxd5 28. dxe4 Be6 29. a5 Rb2 30. Qc1 Qb5 31. Ra1 Bd4 32. a6 Rxf2 33. a7 Ra2+
34. Kh1 Bxa1 0-1

[Event "14. Bayer Open"]
[Site "Leverkusen"]
[Date "2016.02.29"]
[Round "5.8"]
[White "Pejkovic, Patrick Slavko"]
[Black "Vranidis, Athanassios"]
[Result "1-0"]
[WhiteElo "2049"]
[BlackElo "1838"]
[PlyCount "37"]
[EventDate "2016.??.??"]
[WhiteTeam "Langenfelder SF"]
[BlackTeam "SG Solingen"]

1. e4 c5 2. Nc3 Nc6 3. Bb5 Nd4 4. Bc4 e6 5. Nge2 g6 6. O-O Bg7 7. Nxd4 cxd4 8.
Nb5 Qb6 9. c3 d5 10. exd5 exd5 11. Qe2+ Be6 12. Bxd5 Ne7 13. Bxe6 fxe6 14. Nxd4
Bxd4 15. cxd4 O-O-O 16. d3 Nf5 17. Bf4 Nxd4 18. Rac1+ Kd7 19. Qe5 1-0

[Event "14. Bayer Open"]
[Site "Leverkusen"]
[Date "2016.02.29"]
[Round "5.9"]
[White "Ramien, David"]
[Black "Schmuck, Markus"]
[Result "1-0"]
[WhiteElo "2054"]
[BlackElo "1931"]
[PlyCount "65"]
[EventDate "2016.??.??"]
[WhiteTeam "SG Porz"]
[BlackTeam "vereinlos"]

1. e4 c5 2. Nf3 Nc6 3. d4 cxd4 4. Nxd4 e5 5. Nb5 d6 6. a4 Be6 7. N1c3 Be7 8.
Nd5 Bxd5 9. exd5 Nb8 10. Be2 a6 11. Na3 Bg5 12. O-O Bxc1 13. Rxc1 Nd7 14. Nc4
Nb6 15. Ne3 Nh6 16. a5 Nd7 17. Nc4 Qc7 18. Qd2 O-O 19. Qb4 Nc5 20. Qb6 Qxb6 21.
Nxb6 Rad8 22. b4 Ne4 23. c4 Nd2 24. c5 Nf5 25. Rfd1 Nb3 26. c6 Nxc1 27. Rxc1
Nd4 28. Kf1 Rc8 29. Nxc8 Rxc8 30. Rc3 bxc6 31. Bxa6 Rb8 32. dxc6 Rxb4 33. g3
1-0